Vo vratných obaloch sú trendom plasty

Časté využívanie kartónových obalov. Dôležitá úloha jednotlivých logistických a výrobných procesov. Uplatnenie drôtených klietok a kontajnerov na kolieskach. Plasty, ktoré postupne nahradzujú drevo a kov. Plastové obaly využívané aj v automobilovom priemysle. Ukladanie obalov na palety.

Salvato in:
Dettagli Bibliografici
Autore principale: Oravec, Jozef
Natura: Capitolo di libro
Lingua:slovacco
Soggetti:
Tags: Aggiungi Tag
Nessun Tag, puoi essere il primo ad aggiungerne!!

MARC

LEADER 00000naa$a2200000$$$4500
001 0088384
005 20231011071615.5
041 0 |a slo 
044 |a CZ 
245 1 0 |a Vo vratných obaloch sú trendom plasty  |c Jozef Oravec 
520 |a Časté využívanie kartónových obalov. Dôležitá úloha jednotlivých logistických a výrobných procesov. Uplatnenie drôtených klietok a kontajnerov na kolieskach. Plasty, ktoré postupne nahradzujú drevo a kov. Plastové obaly využívané aj v automobilovom priemysle. Ukladanie obalov na palety. 
610 2 0 |a obaly 
610 2 0 |a balenie 
610 2 0 |a technika obalová 
610 2 0 |a drevo 
610 2 0 |a kovy 
610 2 0 |a papier 
610 2 0 |a výroba 
610 2 0 |a logistika 
100 1 |a Oravec, Jozef